| 000 | 01480nam a22003017a 4500 | ||
|---|---|---|---|
| 003 | AR-RoUNCS | ||
| 005 | 20260212104718.0 | ||
| 007 | ta | ||
| 008 | 160812s1996 ag gr 001 f spa | ||
| 015 | _aAR-1996 | ||
| 020 | _a84-294-4571-4 | ||
| 040 |
_aAR-BaBN _bspa _cAR-RoUNCS _eaacr |
||
| 080 | 1 |
_a82-311.4 _22016 |
|
| 130 | 0 | _aLazarillo de Tormes | |
| 245 | 1 | 0 |
_aLazarillo de Tormes / _cestudio y notas por Eugenia Alonso Martín. |
| 250 | _a1a ed. | ||
| 260 |
_aBuenos Aires : _bSantillana, _c1996. |
||
| 300 |
_a87 p. ; _c20 cm. |
||
| 490 | 0 | _aClásicos Esenciales Santillana. | |
| 500 | _aEsta edición incluye una introducción que contextualiza la obra, un aparato de notas, una cronología y una bibiliografía comentada. | ||
| 504 | _aIncluye notas y referencias bibliográficas a pie de página. | ||
| 520 | 3 | _aLa vida de Lazarillo de Tormes y de sus fortunas y adversidades (1554) es una novela anónima española, precursora de la novela picaresca, narrada en primera persona. Cuenta la dura infancia y juventud de Lázaro, un niño de orígenes humildes que, obligado a servir a diversos amos (un ciego, un clérigo, un escudero), utiliza su astucia e ingenio para sobrevivir al hambre y la corrupción, retratando con ironía la sociedad del siglo XVI. | |
| 630 | 0 | 4 |
_aLazarillo de Tormes _xHistoria y crítica |
| 650 | 7 |
_2embne _aLiteratura española |
|
| 655 | 7 |
_aNovelas picarescas _2embne |
|
| 700 | 1 | _aMartín, Eugenio Alonso. | |
| 942 |
_2udc _cOG _n0 |
||
| 999 |
_c903 _d903 |
||